[Event "WSTCC-65 2020"]
[Site "Prague"]
[Date "2020.03.07"]
[Round "2.28"]
[White "Letzelter, Jean-Claude"]
[Black "Staub, Gerhard"]
[Result "0-1"]
[WhiteElo "2128"]
[BlackElo "1986"]
[Annotator "TA"]
[PlyCount "96"]
[EventDate "2020.03.06"]
[EventType "team-tourn"]
[EventCountry "CZE"]
[SourceTitle "playchess.com"]
[Source "ChessBase"]
[SourceQuality "1"]

{[%evp 12,96,238,27,38,-29,-29,-25,-37,-28,-11,-21,-27,-33,0,0,2,0,8,-7,0,0,0,0,0,0,0,0,-7,0,0,-7,-10,-21,-15,-83,-77,-83,-97,-118,-125,-284,-297,-239,-160,-894,-861,-1106,-1108,-1063,-970,-974,-953,-1118,-1090,-1118,-830,-1916,-1747,-1876,-1822,-2304,-1472,-1329,-1066,-1181,-1314,-1323,-1249,-1085,-939,-937,-860,-802,-700,-723,-614,-510,-240,-1769,-1685,-1643,-1479,-12834,-5904,-3063,-2923]} 1. e4 c5 2. Nf3 Nc6 3. d4 cxd4 4. Nxd4 d5 5. Bb5 dxe4 6. Nxc6 Qxd1+ 7. Kxd1 {Ne5+ is the strong threat.} a6 {B32: Sicilian: Löwenthal and Kalashnikov Variations.} 8. Na7+ (8. Ba4 $14 Bd7 {[%mdl 64] Pin} 9. Nc3 Bxc6 10. Bxc6+ bxc6 11. Nxe4) 8... axb5 $11 9. Nxc8 Rxc8 {Black has an edge.} 10. Nc3 {[#]} Nf6 $146 {next ...b4 is good for Black.} ({Predecessor:} 10... f5 11. Nxb5 e5 12. b3 Nf6 13. c4 Bc5 14. Be3 Ke7 15. Ke2 Bxe3 16. Kxe3 Rhd8 {½-½ (34) Eisenbeiser,A (2390)-Poulsen,I (2140) Werther 2010}) 11. Re1 e6 12. Nxe4 Nxe4 (12... Nd5 {keeps more tension.} 13. a3 Be7 14. f3 f6 15. c3 Kf7) 13. Rxe4 Bc5 14. Be3 Ke7 15. Rc1 f5 16. Bxc5+ Rxc5 {[%mdl 4096] Endgame KRR-KRR} 17. Rd4 e5 18. Rd3 e4 19. Rd4 Rd8 20. Rxd8 Kxd8 {KR-KR} 21. c3 Ke7 22. a3 Ke6 23. Kc2 (23. Ke2 $11) 23... f4 $17 24. Re1 Ke5 25. h4 Rc6 26. Rh1 $2 {Now White is beyond hope.} (26. h5 $17) 26... Rg6 $19 27. Rh2 f3 28. g3 $2 {[#]} (28. gxf3 $17 exf3 29. Rh1) 28... e3 $1 {[%mdl 512]} 29. Kd3 (29. fxe3 Ke4) 29... e2 30. Rh1 Rd6+ 31. Kc2 Kf5 32. Kc1 Kg4 33. Kc2 g5 34. hxg5 Kxg5 35. Ra1 Kg4 36. Rh1 h5 37. Rh4+ Kg5 38. Rh1 Rd5 39. Kc1 Kf6 40. Kc2 Ke6 41. Kc1 Kd6 42. Kc2 Kc5 43. Re1 Kc4 44. Rh1 Rg5 45. Rh4+ $2 (45. b3+ Kd5 46. Kd2) 45... Kc5 {Black is clearly winning.} 46. Rh1 {[#]} Rxg3 $1 {[%mdl 512]} 47. Rxh5+ (47. fxg3 f2) 47... Kb6 48. Rh6+ Ka7 {Accuracy: White = 49%, Black = 92%.} 0-1

[Event "WSTCC-65 2020"]
[Site "Prague"]
[Date "2020.03.07"]
[Round "2.29"]
[White "Jansa, Vlastimil"]
[Black "Klundt, Klaus"]
[Result "1/2-1/2"]
[WhiteElo "2439"]
[BlackElo "2299"]
[Annotator "TA"]
[PlyCount "68"]
[EventDate "2020.03.06"]
[EventType "team-tourn"]
[EventCountry "CZE"]
[SourceTitle "playchess.com"]
[Source "ChessBase"]
[SourceQuality "1"]

{[%evp 27,68,24,27,17,51,61,69,53,77,41,51,56,49,46,56,0,55,56,59,56,68,10,10,10,7,8,31,10,12,12,16,6,15,0,0,0,0,0,0,0,0,0,0]} 1. e4 c5 2. Nf3 e6 3. Nc3 Nc6 4. d4 cxd4 5. Nxd4 Qc7 6. g3 a6 7. Bg2 d6 8. O-O Bd7 9. Re1 Be7 10. Nxc6 Bxc6 11. a4 Nf6 12. a5 O-O 13. Be3 Nd7 14. Na4 Rae8 15. Nb6 {B80: Sicilian Scheveningen: 6 g3 and 6 Be3, including English Attack.} Nxb6 16. Bxb6 {[#]} Qb8 $146 ({Predecessor:} 16... Qd7 17. Qd3 e5 18. Rad1 Qe6 19. c4 Rc8 20. b3 Rfe8 21. Rc1 Bd7 22. b4 Ra8 {1-0 (34) Efimenko,Z (2651)-Kurnosov,I (2657) Abu Dhabi 2013}) 17. c4 {White is slightly better.} Bd8 18. Bd4 f5 19. Qd2 Qc7 20. b3 Qf7 21. Rad1 ({Better is} 21. e5 $14) 21... fxe4 (21... e5 $11 22. Bc3 Re6) 22. Bxe4 $14 Bxe4 23. Rxe4 Qf5 24. Rf4 (24. Qe2 $1 $14) 24... Qxa5 $11 25. Bc3 Qb6 26. Qxd6 Rxf4 27. gxf4 {[#] Strongly threatening Qd7!} (27. Qxf4 {is interesting.} Qxb3 28. Rd7 Be7 29. Be5 Qb1+ 30. Kg2) 27... Qxd6 {The position is equal.} 28. Rxd6 {[%mdl 4096] Endgame With the idea Rd7. KRB-KRB} Bh4 $1 29. Rb6 Re7 30. c5 Kf7 31. c6 bxc6 32. Rxc6 Bf6 33. Bxf6 Kxf6 34. Rxa6 Rb7 {Accuracy: White = 79%, Black = 88%.} 1/2-1/2

[Event "WSTCC-65 2020"]
[Site "Prague"]
[Date "2020.03.07"]
[Round "2.30"]
[White "Kannenberg, Karl-Heinz"]
[Black "Hausner, Ivan"]
[Result "0-1"]
[WhiteElo "2118"]
[BlackElo "2339"]
[Annotator "TA"]
[PlyCount "120"]
[EventDate "2020.03.06"]
[EventType "team-tourn"]
[EventCountry "CZE"]
[SourceTitle "playchess.com"]
[Source "ChessBase"]
[SourceQuality "1"]

{[%evp 19,120,37,50,41,50,31,47,0,0,0,0,0,32,21,19,0,-10,-12,-9,-21,-15,-14,0,-79,0,-85,-93,-147,-149,-214,-215,-230,-219,-317,-313,-406,-379,-316,-312,-417,-318,-677,-462,-462,-462,-462,-379,-379,-379,-379,-379,-888,-379,-379,-286,-379,-372,-888,-877,-862,-862,-850,-850,-1048,-1031,-974,-928,-843,-670,-1210,-754,-2418,-2214,-6140,-6218,-6215,-5102,-29972,-29973,-29972,-29973,-29973,-29969,-29968,-29968,-29973,-29973,-29978,-29979,-29979,-29979,-29980,-29980,-29980,-29979,-29979,-29980,-29980,-29981,-29981,-29982,-29982,-29983]} 1. d4 Nf6 2. Nf3 g6 3. e3 Bg7 4. Be2 O-O 5. O-O d6 6. c4 Nbd7 7. Nc3 e5 8. b4 Re8 9. a4 e4 10. Nd2 Nf8 11. Ba3 {E61: King's Indian: Early deviations for White, including Smyslov System.} Bf5 12. Rc1 h5 {[#]} 13. Nd5 $146 {White is slightly better.} ({Predecessor:} 13. Kh1 N8h7 14. Nd5 Ng4 15. h3 Nh6 16. Nf4 h4 17. b5 g5 18. Nh5 Bf8 19. Rg1 {1-0 (31) Kannenberg,K (2205)-Weigel,R (2043) Bayern 2016}) 13... Nxd5 14. cxd5 Nh7 15. b5 Nf6 16. Qb3 Bg4 17. Bxg4 (17. Bc4 {looks sharper.} Nh7 18. Rc2 Qg5 19. Rfc1 Nf6 20. Bf1) 17... hxg4 18. Rc2 Re7 19. Rfc1 Bf8 20. a5 Qd7 21. b6 (21. Rxc7 $11 {keeps the balance.} Qxc7 22. Rxc7 Rxc7 23. b6 axb6 24. axb6) 21... axb6 (21... cxb6 $17 22. axb6 axb6) 22. axb6 (22. Rxc7 $11 Qxc7 23. Rxc7 Rxc7 24. axb6) 22... cxb6 $17 {Black keeps a firm grip on the game.} 23. Nc4 (23. Rb1 $142) 23... Nxd5 24. Bxd6 (24. Nd2 $17 {was worth a try.}) 24... b5 $19 25. Bxe7 {[#] Threatens to win with Ne5.} bxc4 26. Rxc4 (26. Qxc4 {was called for.} Bxe7 27. Ra2 Rxa2 28. Qxa2) 26... Bxe7 27. g3 b5 28. Rc6 b4 29. Qc2 {Now Rc8+ and White clings on.} Nc3 30. Rc4 $2 (30. Rxc3 bxc3 31. Qxc3) 30... Ra2 31. Rxc3 Rxc2 32. R3xc2 b3 33. Rc8+ Kg7 34. Rb8 Qa4 {Hoping for ...Bb4.} 35. Rb7 $2 (35. Kg2 Qa2 36. Rc3) 35... Bd6 (35... Qa2 $142 36. Rxe7 b2) 36. Kg2 {and the idea Rc3 leaves White hopeful.} Qa2 {aiming for ...b2.} 37. Rc6 b2 38. Rxd6 $2 (38. Rcb6 Ba3 39. Rb3) 38... b1=Q 39. Rxb1 Qxb1 {[%mdl 4096] Endgame KQ-KR} 40. Rd5 Qd1 41. Re5 Qf3+ 42. Kg1 Kf8 43. Rc5 Ke7 44. Ra5 Kd6 45. Rc5 f5 46. Rb5 g5 47. Rb1 f4 48. Re1 Kd5 {Black mates.} 49. exf4 gxf4 50. gxf4 Kxd4 51. f5 Qxf5 52. Re3 Qf4 53. Rg3 {[#]} Qxg3+ $1 {[%mdl 512]} 54. hxg3 {KPP-KPP} (54. fxg3 e3) 54... Kd3 55. Kf1 Kd2 56. Kg1 Ke1 57. Kg2 Ke2 58. Kg1 e3 59. fxe3 Kxe3 60. Kg2 Ke2 {Accuracy: White = 39%, Black = 73%.} 0-1

[Event "WSTCC-65 2020"]
[Site "Prague"]
[Date "2020.03.07"]
[Round "2.31"]
[White "Lechtynsky, Jiri"]
[Black "Krauseneck, Peter"]
[Result "1-0"]
[WhiteElo "2330"]
[BlackElo "2126"]
[Annotator "TA"]
[PlyCount "129"]
[EventDate "2020.03.06"]
[EventType "team-tourn"]
[EventCountry "CZE"]
[SourceTitle "playchess.com"]
[Source "ChessBase"]
[SourceQuality "1"]

{[%evp 15,129,16,25,24,50,33,20,29,19,0,0,10,0,0,29,28,25,22,28,0,14,11,41,17,19,19,22,6,8,8,4,0,12,16,14,0,18,27,39,15,12,6,7,5,7,0,0,0,0,0,0,0,0,0,0,0,0,0,0,0,0,0,0,0,0,0,0,0,0,0,0,0,0,0,0,0,0,0,0,0,0,0,0,0,0,0,0,0,0,0,370,360,196,186,0,8,1506,587,580,580,29959,4631,29971,29966,29980,29981,29981,29982,29982,29983,29983,29984,29984,29985,29985,29986]} 1. Nf3 f5 2. c4 e6 3. d4 Nf6 4. e3 d5 5. Be2 c6 6. O-O Bd6 7. b3 Qe7 8. Bb2 O-O 9. Qc1 {A84: Dutch Defence: 2 c4 Miscellaneous.} Nbd7 10. Ba3 e5 11. Bxd6 {The position is equal.} Qxd6 {[#]} 12. Nxe5 $146 ({Predecessor:} 12. Qa3 Qc7 13. Nc3 Ne4 14. Na4 exd4 15. Nxd4 Ndf6 16. Rac1 Qd6 17. Qxd6 Nxd6 18. Rfd1 dxc4 19. Nxc6 bxc6 20. Rxd6 cxb3 21. axb3 {1-0 (40) Malyshev,G (2339)-Ismagilov,D (2065) St Petersburg 2018}) 12... Nxe5 13. dxe5 Qxe5 14. Nd2 dxc4 15. Bxc4+ Kh8 16. Nf3 Qe7 17. Qb2 Bd7 18. Rfd1 Rad8 19. Qe5 Rde8 20. Qxe7 Rxe7 21. b4 Be6 22. Bxe6 Rxe6 23. Rac1 Re7 24. Nd4 g6 25. a4 f4 26. exf4 Nd5 27. b5 cxb5 28. axb5 Nxf4 29. Kf1 Rd7 {White should prevent ...Rfd8.} 30. Nf3 Rfd8 31. Rxd7 Rxd7 $11 {[%mdl 4096] Endgame KRN-KRN} 32. g3 Ne6 33. Re1 Rd6 34. Ne5 {Strongly threatening Nf7+.} Nd8 35. Nc4 Rd4 36. Re7 Rxc4 {KRN-KR} 37. Re8+ {[%mdl 64] Double Attack} Kg7 38. Rxd8 {KR-KR} Rc7 39. b6 axb6 40. Rd6 b5 41. Rb6 Re7 42. f4 Kf7 43. Kf2 Ke8 44. g4 Kd8 45. Rxb5 Kc7 46. Kf3 Kc6 47. Rb1 b5 48. h4 Kc5 49. f5 gxf5 50. gxf5 b4 51. Kf4 {And now f6 would win.} Re2 52. f6 {aiming for Rf1.} Rf2+ $2 {[%mdl 8192]} (52... Kd5 $11 {and Black is okay.}) 53. Ke5 $18 Kc4 {[#]} 54. Ke6 $1 {Threatens to win with f7.} Re2+ $2 ({Black should try} 54... b3 $18 55. f7 h6) 55. Kd6 Rd2+ $2 {[%mdl 8192] Black cannot hold the game after this.} (55... Rf2 $11 56. Ke7 Re2+ 57. Kf8 b3) 56. Ke7 Re2+ {[#]} 57. Kf8 $1 h5 {If Black can now play ...b3 this consolidates a bit.} 58. f7 (58. Rf1 $142 b3 59. f7 Ra2 60. Kg8 Ra8+ 61. f8=Q Rxf8+ 62. Kxf8 Kd3 63. Kf7) 58... Rf2 59. Rg1 {White mates.} Ra2 60. Kg8 Ra8+ 61. f8=Q Rxf8+ 62. Kxf8 b3 63. Kg7 Kc3 64. Kh6 b2 65. Kxh5 {Accuracy: White = 94%, Black = 74%.} 1-0

[Event "WSTCC-65 2020"]
[Site "Prague"]
[Date "2020.03.07"]
[Round "2.32"]
[White "Seibold, Hubert"]
[Black "Spacek, Petr"]
[Result "0-1"]
[WhiteElo "2123"]
[BlackElo "2333"]
[Annotator "TA"]
[PlyCount "136"]
[EventDate "2020.03.06"]
[EventType "team-tourn"]
[EventCountry "CZE"]
[SourceTitle "playchess.com"]
[Source "ChessBase"]
[SourceQuality "1"]

{[%evp 20,136,-43,-43,-28,-37,-37,-48,-26,-43,-31,-57,-52,-59,0,0,11,10,8,0,13,0,0,0,0,0,0,0,0,0,0,0,0,0,0,0,0,-40,-40,-40,-40,-40,-40,-40,-40,-40,-40,-40,-40,-40,-40,-40,-40,-40,-40,-40,-40,-40,-40,-40,-40,-40,-40,-40,-40,-40,-40,-45,-37,-37,-33,-33,-33,-33,0,-40,-8,-65,-65,-65,-65,-65,-64,-85,-59,-59,0,-85,-64,-64,-64,-64,-64,-64,0,-64,-64,-64,-64,-64,-64,-64,-64,-64,-64,-64,-64,-64,-64,-64,-64,-64,-64,-94,-94,-94,-94,-29985,-29986]} 1. c4 Nf6 2. g3 e6 3. Bg2 d5 4. Nf3 Be7 5. O-O O-O 6. b3 c5 7. Bb2 Nc6 8. d3 d4 9. e3 e5 10. exd4 exd4 11. Na3 {11.h3 injects fresh life into this line.} Bg4 {A14: English Opening: 1...e6 with b3 by White.} 12. Qd2 Qd7 13. Nc2 $1 a5 {Black is slightly better.} 14. Rfe1 {[#]} Bd6 $146 ({Predecessor:} 14... Ra6 15. a3 Rb6 16. b4 axb4 17. axb4 Bxf3 18. Bxf3 cxb4 19. Rxe7 Qxe7 20. Nxd4 Nxd4 21. Bxd4 {½-½ (28) Iandolo,M (1802)-Saccone,F (2325) Napoli 2005}) 15. a3 Rad8 16. b4 cxb4 ({Better is} 16... b6 $15) 17. axb4 Bxb4 18. Nxb4 axb4 19. Ne5 Qd6 20. Nxc6 bxc6 21. Ra6 Bd7 22. Rc1 Qc5 23. Qf4 Qf5 24. Bxd4 Qxf4 25. gxf4 Bc8 26. Bxf6 $1 gxf6 27. Rxc6 Rxd3 28. Rb6 ({Much worse is} 28. Rxf6 Be6 $17) 28... Rc3 29. Re1 Rxc4 30. Rb1 Rxf4 31. R6xb4 Rxb4 32. Rxb4 $15 {[%mdl 4096] Endgame KRB-KRB} Rd8 {And now ...Rd1+ would win.} 33. h3 Kg7 34. Kh2 Rd2 35. Kg3 Rd3+ 36. Kh2 Be6 37. Rf4 f5 38. Bf1 Rc3 39. Bg2 Kg6 40. f3 Kg5 41. Kg3 Rc2 {Strongly threatening ...Rxg2+!} 42. h4+ Kf6 43. Rb4 Ke5 44. Rb5+ Kd4 45. Bf1 Rc1 46. Bg2 Rc2 47. Bf1 Bd5 48. Ra5 (48. Bd3 $11 Rc3 49. Bxf5) 48... Rc3 49. Bg2 Ke5 $1 50. Ra4 h6 51. Rf4 Rc1 52. Ra4 Rc3 53. Rf4 $1 Ra3 54. Rb4 h5 55. Rf4 Be4 56. Bf1 Bd5 57. Bg2 $1 Ra8 {aiming for ...Rg8+.} 58. Rb4 {[#]} f4+ $1 {[%mdl 512]} 59. Kh2 (59. Rxf4 Rg8+) 59... Ra2 {Hoping for ...Bxf3.} 60. Kg1 Rc2 61. Ra4 Rb2 62. Ra1 Rd2 63. Re1+ Kd4 64. Re8 Rd1+ 65. Kf2 Rc1 66. Rh8 Rc2+ 67. Kg1 Ke3 68. Rxh5 $2 {[%mdl 8192] [#]} (68. Re8+ $17 Be6 69. Rh8) 68... Rxg2+ $1 {[%mdl 512] Accuracy: White = 87%, Black = 94%.} 0-1

[Event "WSTCC-65 2020"]
[Site "Prague"]
[Date "2020.03.07"]
[Round "2.33"]
[White "Uddenfeldt, Dan"]
[Black "Nordstrom, Felix"]
[Result "1/2-1/2"]
[WhiteElo "2320"]
[BlackElo "2091"]
[Annotator "TA"]
[PlyCount "65"]
[EventDate "2020.03.06"]
[EventType "team-tourn"]
[EventCountry "CZE"]
[SourceTitle "playchess.com"]
[Source "ChessBase"]
[SourceQuality "1"]

{[%evp 20,65,24,0,0,0,0,0,0,0,0,-57,-47,-42,-10,-50,-52,-53,-39,-46,-43,-56,-54,-50,-33,-28,-22,-60,-38,-42,-43,-106,-35,-177,-163,-168,-129,-122,-131,-117,-117,-162,-159,-200,-69,-72,-72,-81]} 1. Nf3 d5 2. g3 g6 3. Bg2 Bg7 4. d3 e5 5. O-O Ne7 6. e4 O-O 7. Nbd2 c5 8. exd5 Nxd5 9. Nc4 Nc6 10. Re1 Re8 {10...f6 deserves study.} 11. a4 h6 {A08: King's Indian Attack.} 12. a5 Rb8 13. Nfd2 Be6 {The position is equal.} 14. Ne4 {[#]} Bf8 $146 ({Predecessor:} 14... Qe7) 15. c3 (15. Be3 $11) 15... f5 $15 16. Ned2 Bg7 17. Nf3 {[%cal Rf3e5]} Bf7 18. Qa4 Qc7 19. Ne3 Rbd8 20. Nxd5 Bxd5 21. Be3 b6 22. axb6 axb6 23. c4 Bxf3 24. Bxf3 Nb4 25. Rad1 ({White should try} 25. d4 $15) 25... Re7 (25... Qf7 $17 26. Be2 f4) 26. Re2 (26. d4 $15) 26... Red7 $19 27. Bg2 {intending d4.} Rxd3 28. Rxd3 Nxd3 29. Bd5+ Kh7 30. Bd2 e4 ({Worse is} 30... Nxb2 31. Qb3 $14) 31. Bc3 {[#]} Ne5 ({Better is} 31... b5 $1 $19 {[%mdl 512]} 32. Qxb5 Bxc3 33. bxc3 Rb8) 32. Bxe5 $15 Bxe5 33. b4 {Accuracy: White = 59%, Black = 68%.} 1/2-1/2

[Event "WSTCC-65 2020"]
[Site "Prague"]
[Date "2020.03.07"]
[Round "2.34"]
[White "Carlsson, Ingvar"]
[Black "Renman, Nils-Gustaf"]
[Result "1/2-1/2"]
[WhiteElo "2038"]
[BlackElo "2307"]
[Annotator "RC"]
[PlyCount "111"]
[EventDate "2020.03.06"]
[EventType "team-tourn"]
[EventCountry "CZE"]
[SourceTitle "playchess.com"]
[Source "ChessBase"]
[SourceQuality "1"]
[TimeControl "40/5400+30:1800+30"]

1. e4 {[%emt 0:00:00]} e6 {[%emt 0:00:00]} 2. d4 {[%emt 0:00:00]} d5 {[%emt 0:00:00]} 3. Nc3 {[%emt 0:00:00]} Nf6 {[%emt 0:00:03]} 4. e5 {[%emt 0:00:30]} Nfd7 {[%emt 0:00:04]} 5. f4 {[%emt 0:00:33]} c5 {[%emt 0:00:05]} 6. Nf3 {[%emt 0:00:09]} Nc6 {[%emt 0:00:08]} 7. Be3 {[%emt 0:01:19]} a6 {[%emt 0:00:42]} 8. Qd2 {[%emt 0:00:38]} b5 {[%emt 0:00:06]} 9. dxc5 {[%emt 0:12:21]} Bxc5 {[%emt 0:00:12]} 10. Bxc5 {[%emt 0:00:33]} Nxc5 {[%emt 0:00:11]} 11. Nd4 {[%emt 0:01:49]} Bb7 {[%emt 0:06:23]} 12. Qf2 {[%emt 0:11:06]} Qb6 {[%emt 0:14:52]} 13. Nb3 {[%emt 0:13:52]} Nd7 {[%emt 0:02:10]} 14. Qxb6 {[%emt 0:03:59]} Nxb6 {[%emt 0:00:05]} 15. Nc5 {[%emt 0:01:10]} O-O-O {[%emt 0:08:06]} 16. O-O-O {[%emt 0:02:58]} Nd7 {[%emt 0:05:15]} 17. Nxd7 {[%emt 0:14:29]} Rxd7 {[%emt 0:00:09]} 18. a3 {[%emt 0:07:48]} g5 {[%emt 0:12:56]} 19. fxg5 {[%emt 0:05:39]} Nxe5 {[%emt 0:00:10]} 20. Re1 {[%emt 0:01:24]} Nc4 {[%emt 0:08:27]} 21. Bd3 {[%emt 0:01:32]} Kc7 {[%emt 0:04:09]} 22. h4 {[%emt 0:04:21]} Kd6 {[%emt 0:00:52]} 23. Rhf1 {[%emt 0:03:47]} Ne5 {[%emt 0:11:50]} 24. Rf6 {[%emt 0:00:28]} Rc7 {[%emt 0:04:45]} 25. Kb1 {[%emt 0:01:50]} Ng4 {[%emt 0:00:37]} 26. Rf4 {[%emt 0:00:20]} h5 {[%emt 0:00:11]} 27. gxh6 {[%emt 0:01:18]} f5 {[%emt 0:01:05]} 28. a4 {[%emt 0:01:54]} bxa4 {[%emt 0:05:14]} 29. Rxa4 {[%emt 0:00:28]} Rc6 {[%emt 0:01:21]} 30. Rb4 {[%emt 0:00:56]} Bc8 {[%emt 0:00:49]} 31. Na4 {[%emt 0:03:17]} Rxh6 {[%emt 0:01:00]} 32. c4 {[%emt 0:01:38]} dxc4 {[%emt 0:01:42]} 33. Bxc4 {[%emt 0:00:42]} a5 {[%emt 0:00:47]} 34. Rb6 {[%emt 0:00:11]} Rxh4 {[%emt 0:02:18]} 35. Rxc6+ {[%emt 0:00:41]} Kxc6 {[%emt 0:00:02]} 36. Bxe6 {[%emt 0:00:13]} Bxe6 {[%emt 0:00:44]} 37. Rxe6+ {[%emt 0:00:01]} Kd5 {[%emt 0:00:36]} 38. Re2 {[%emt 0:00:44]} f4 {[%emt 0:01:44]} 39. Kc2 {[%emt 0:01:45]} Kd4 {[%emt 0:01:04]} 40. Rd2+ {[%emt 0:00:00]} Ke5 {[%emt 0:00:00]} 41. Kd3 {[%emt 0:08:41]} Ne3 {[%emt 0:15:25]} 42. g3 {[%emt 0:07:23]} fxg3 {[%emt 0:01:02]} 43. Kxe3 {[%emt 0:01:33]} Rxa4 {[%emt 0:00:22]} 44. Kf3 {[%emt 0:00:33]} Rd4 {[%emt 0:00:14]} 45. Re2+ {[%emt 0:01:59]} Kd5 {[%emt 0:00:14]} 46. Kxg3 {[%emt 0:01:16]} Kc4 {[%emt 0:01:52]} 47. Kf3 {[%emt 0:03:00]} Kb3 {[%emt 0:04:34]} 48. Ke3 {[%emt 0:03:10]} Rd1 {[%emt 0:01:57]} 49. Rh2 {[%emt 0:00:45]} a4 {[%emt 0:01:21]} 50. Rf2 {[%emt 0:02:24]} Rb1 {[%emt 0:05:36]} 51. Kd3 {[%emt 0:00:18]} Rxb2 {[%emt 0:00:06]} 52. Rf8 {[%emt 0:01:03]} a3 {[%emt 0:01:41]} 53. Ra8 {[%emt 0:03:49]} Ka2 {[%emt 0:06:36]} 54. Kc3 {[%emt 0:01:17]} Rb7 {[%emt 0:00:26]} 55. Kc2 {[%emt 0:00:40]} Rc7+ {[%emt 0:00:09]} 56. Kd2 {[%emt 0:00:02]} 1/2-1/2

[Event "WSTCC-65 2020"]
[Site "Prague"]
[Date "2020.03.07"]
[Round "2.35"]
[White "Wahlbom, Magnus"]
[Black "Carlsten, Peter"]
[Result "1/2-1/2"]
[WhiteElo "2176"]
[BlackElo "1922"]
[Annotator "TA"]
[PlyCount "58"]
[EventDate "2020.03.06"]
[EventType "team-tourn"]
[EventCountry "CZE"]
[SourceTitle "playchess.com"]
[Source "ChessBase"]
[SourceQuality "1"]

{[%evp 18,58,41,45,40,39,39,0,44,41,45,45,67,29,49,15,38,45,77,29,59,47,106,102,180,186,245,237,427,418,467,409,396,348,319,20,30,33,31,0,32,0,0]} 1. e4 c5 2. Nf3 Nc6 3. d4 cxd4 4. Nxd4 g6 5. c4 Nf6 6. Nc3 Nxd4 7. Qxd4 d6 8. Bg5 Bg7 9. Qd2 O-O 10. Bd3 Qa5 {B36: Sicilian: Maroczy Bind: Gurgenidze System.} 11. O-O Re8 12. a3 Be6 13. b4 {[#]} Qc7 $146 ({Predecessor:} 13... Qe5 14. Bf4 Qh5 15. Ne2 h6 16. Bg3 g5 17. f4 a5 18. f5 Bd7 19. bxa5 Bc6 {½-½ (47) Roschina,T (2273)-Heinatz,G (2237) Silvaplana 2003}) 14. Rac1 a6 15. Kh1 Rac8 16. f4 Qb8 17. Qe2 Bg4 18. Qa2 (18. Qe3 $5 {[%cal Rf4f5]}) 18... Bd7 $1 19. f5 gxf5 ({Black should try} 19... b5 $14) 20. exf5 $16 Ng4 {[#]} (20... Bc6 $16 {is a better defense.}) 21. Nd5 $1 $18 f6 (21... Nf6 $142) 22. Bf4 Kf8 $2 (22... Rc6 23. Be4 Kf8) 23. Nb6 Rcd8 24. c5 Bh6 25. Nxd7+ Rxd7 26. Qe6 $2 (26. Bc4 $18 Bxf4 27. Rxf4) 26... Bxf4 $11 27. Rxf4 Ne5 28. Rh4 Kg7 {With the idea ...dxc5.} 29. Bf1 {[#] Threatens to win with Rc3.} dxc5 {Accuracy: White = 49%, Black = 54%.} 1/2-1/2